000 00488nam a2200169Ia 4500
008 230917s9999||||xx |||||||||||||| ||und||
020 _cRS695
040 _e220652
_aMAIN
041 _aEnglish
082 _a510.2462 P258H
100 _aParthasarathy, Harish
245 0 _aHandbook of problems in engineering mathematics and physics
260 _aNew Delhi
_bI K International
_c2012
300 _aix, 816 p.
500 _a1694 19/12/2014 IBC2474 24/12/2014 Main Budget
942 _cBK
999 _c12708
_d12708